000 00243nam a2200097Ia 4500
001 640782
005 20250826153454.0
008 250824s9999 xx 000 0 und d
245 0 _aAMAN ÖĞRETMEN DUYMASIN
_cŞAKİR URAL
260 _bGENÇ TİMAŞ
999 _c640782
_d640782